Кризис и стресс. Пособие по приручению

Bibliografiske detaljer
Hovedforfatter: Кичаев А. А. Александр Александрович
Summary:Обратить стресс и кризис себе на пользу? Выработать защиту от стресса и гармонизировать свои отношения с окружающим миром? В борьбе со стрессом мы зачастую получаем только новые стрессы, потому что не задаем правильных вопросов и игнорируем новые возможности. Эта книга не о том, как спастись от кризиса, а о том, как выйти из него Победителем.
Sprog:russisk
Udgivet: Москва, Речь, 2009
Fag:
Format: MixedMaterials Bog
KOHA link:https://koha.lib.tpu.ru/cgi-bin/koha/opac-detail.pl?biblionumber=160135

MARC

LEADER 00000nam0a2200000 4500
001 160135
005 20231101222150.0
010 |a 9785926807670 
035 |a (RuTPU)RU\TPU\book\173666 
090 |a 160135 
100 |a 20090519d2009 m y0rusy50 ca 
101 0 |a rus 
102 |a RU 
105 |a a z 001zy 
200 1 |a Кризис и стресс. Пособие по приручению  |f А. А. Кичаев 
210 |a Москва  |c Речь  |d 2009 
215 |a 256 с.  |c ил. 
320 |a Библиогр.: с.254-255. 
330 |a Обратить стресс и кризис себе на пользу? Выработать защиту от стресса и гармонизировать свои отношения с окружающим миром? В борьбе со стрессом мы зачастую получаем только новые стрессы, потому что не задаем правильных вопросов и игнорируем новые возможности. Эта книга не о том, как спастись от кризиса, а о том, как выйти из него Победителем. 
606 1 |a Стресс  |x Психология  |2 stltpush  |3 (RuTPU)RU\TPU\subj\57217  |9 75080 
610 1 |a психология 
610 1 |a личность 
610 1 |a эмоции 
610 1 |a стрессогенное поведение 
610 1 |a раздражители 
610 1 |a кризисы 
610 1 |a негативные установки 
610 1 |a защита 
610 1 |a профилактика 
610 1 |a управление 
610 1 |a кризисные ситуации 
610 1 |a упражнения 
686 |a Ю935.2  |v LBC/SL-A  |2 rubbk 
700 1 |a Кичаев  |b А. А.  |g Александр Александрович 
801 1 |a RU  |b 63413507  |c 20090519  |g PSBO 
801 2 |a RU  |b 63413507  |c 20120220  |g RCR 
942 |c BK 
959 |a 58/20090508  |d 1  |e 105,00  |f ЧЗГЛ:1